|
|
|
|
| LEADER |
00000nab a2200000 a 4500 |
| 001 |
vtls000435106 |
| 003 |
SK-MaSNL |
| 005 |
20260304075756.0 |
| 008 |
250424c1991 xo 0 slo |
| 015 |
|
|
|a SNBRB19rr/mm-uuuuu
|
| 035 |
|
|
|a CL0435234
|
| 035 |
|
|
|a urn:nbn:sk:snk-abbm82
|
| 035 |
|
|
|a (urnnbn)urn:nbn:sk:snk:ar-0016pg
|
| 035 |
|
|
|a (uuid)f4df251e-fbb2-4b52-8e8a-7e3901144322
|
| 040 |
|
|
|a SNKBUCL
|b slo
|c SNKBUCL
|e AACR2
|
| 041 |
0 |
|
|a slo
|
| 044 |
|
|
|a xo
|c SK
|
| 080 |
|
|
|a 007
|2 1981
|
| 100 |
1 |
|
|a Viskupová, Etela
|4 aut
|9 268410
|
| 245 |
1 |
0 |
|a Čo je to komunikácia?
|c Etela Viskupová
|
| 650 |
0 |
7 |
|a komunikácia
|2 snkbucl
|9 1362
|
| 655 |
|
7 |
|a články z novín a časopisov
|2 snkbucl
|9 267496
|
| 773 |
0 |
|
|t Čitateľ
|g Roč. 40, č. 6 (1991), s. 218-219
|
| 850 |
|
|
|a Slovenská národná knižnica
|
| 852 |
|
|
|a Slovenská národná knižnica
|
| 954 |
|
|
|a odborná, vedecká literatúra pôvodná (slovenská)
|2 lita
|
| 958 |
|
|
|a article15
|
| 958 |
|
|
|a OND
|
| 958 |
|
|
|a RK
|
| 958 |
|
|
|a KL
|
| 958 |
|
|
|a EUIPO
|
| 992 |
|
|
|a RBX
|
| 999 |
|
|
|c 2783259
|d 2785189
|